Elementos de administración moderna / (Registro nro. 26974)
[ vista simple ]
| 000 -LEADER | |
|---|---|
| fixed length control field | 01321cam a2200349 i 4500 |
| 001 - CONTROL NUMBER | |
| control field | 26974 |
| 003 - CONTROL NUMBER IDENTIFIER | |
| control field | Mx-PuUPA |
| 005 - DATE AND TIME OF LATEST TRANSACTION | |
| control field | 20260212091440.0 |
| 008 - FIXED-LENGTH DATA ELEMENTS--GENERAL INFORMATION | |
| fixed length control field | 140415s1981 mx gr 000 0 spa d |
| 020 ## - INTERNATIONAL STANDARD BOOK NUMBER | |
| International Standard Book Number | 9681305582 |
| 040 ## - CATALOGING SOURCE | |
| Original cataloging agency | Mx-PuUPA |
| Language of cataloging | spa |
| Transcribing agency | Mx-PuUPA |
| Modifying agency | Mx-PuUPA |
| Description conventions | rda |
| 041 1# - LANGUAGE CODE | |
| Language code of text/sound track or separate title | spa |
| Language code of original | eng |
| 100 1# - MAIN ENTRY--PERSONAL NAME | |
| Personal name | Benge, Eugene J. |
| Fuller form of name | (Eugene Jackson), |
| Dates associated with a name | 1896-1990 |
| 9 (RLIN) | 17802 |
| Relator term | autor |
| 240 10 - UNIFORM TITLE | |
| Uniform title | Elements of modern management. |
| Language of a work | Español |
| 245 10 - TITLE STATEMENT | |
| Title | Elementos de administración moderna / |
| Statement of responsibility, etc. | Eugene J. Benge ; traductor, Fernando García Ferrer |
| 250 ## - EDITION STATEMENT | |
| Edition statement | Primera edición / |
| Remainder of edition statement | enero |
| 264 #1 - PRODUCTION, PUBLICATION, DISTRIBUTION, MANUFACTURE, AND COPYRIGHT NOTICE | |
| Place of production, publication, distribution, manufacture | México, D.F. : |
| Name of producer, publisher, distributor, manufacturer | Editorial Diana, |
| Date of production, publication, distribution, manufacture, or copyright notice | 1981 |
| 300 ## - PHYSICAL DESCRIPTION | |
| Extent | 292 páginas : |
| Other physical details | diagramas ; |
| Dimensions | 22 cm |
| 336 ## - CONTENT TYPE | |
| Fuente | rdacontent |
| Content type term | texto |
| Content type code | txt |
| 337 ## - MEDIA TYPE | |
| Source | rdamedia |
| Media type term | sin medio |
| Media type code | n |
| 338 ## - CARRIER TYPE | |
| Source | rdacarrier |
| Carrier type term | volumen |
| Carrier type code | nc |
| 650 #7 - SUBJECT ADDED ENTRY--TOPICAL TERM | |
| Source of heading or term | armarc |
| Topical term or geographic name entry element | Administración de enoresas |
| 650 #7 - SUBJECT ADDED ENTRY--TOPICAL TERM | |
| Source of heading or term | armarc |
| Topical term or geographic name entry element | Empresas |
| General subdivision | Organización y manejo |
| 650 #7 - SUBJECT ADDED ENTRY--TOPICAL TERM | |
| Source of heading or term | armarc |
| Topical term or geographic name entry element | Planificación |
| 650 #7 - SUBJECT ADDED ENTRY--TOPICAL TERM | |
| Source of heading or term | armarc |
| Topical term or geographic name entry element | Toma de decisiones |
| 650 #7 - SUBJECT ADDED ENTRY--TOPICAL TERM | |
| Source of heading or term | armarc |
| Topical term or geographic name entry element | Relaciones laborales |
| 700 1# - ADDED ENTRY--PERSONAL NAME | |
| Personal name | García Ferrer, Fernando, |
| Relator term | traductor |
| 765 0# - ORIGINAL LANGUAGE ENTRY | |
| Main entry heading | Benge, Eugene J. (Eugene Jackson), 1896-1990 |
| Place, publisher, and date of publication | New York : AMACOM, ©1976 |
| Title | Elements of modern management. |
| 942 ## - ADDED ENTRY ELEMENTS (KOHA) | |
| Source of classification or shelving scheme | Dewey Decimal Classification |
| Koha item type | Libro |
| Classification part | 658.4 |
| Item part | B4518 |
| Withdrawn status | Lost status | Source of classification or shelving scheme | Damaged status | Not for loan | Collection code | Home library | Current library | Shelving location | Date acquired | Source of acquisition | Total Checkouts | Full call number | Barcode | Date last seen | Price effective from | Koha item type | Copy number |
|---|---|---|---|---|---|---|---|---|---|---|---|---|---|---|---|---|---|
| Dewey Decimal Classification | General | Tehuacán | Tehuacán | Sala general | 03/12/2013 | Compra | 658.4 B4518 1981 | 968000002707 | 03/03/2026 | 03/12/2013 | Libro | ||||||
| Dewey Decimal Classification | General | Tehuacán | Tehuacán | Sala general | 03/12/2013 | Compra | 658.4 B4518 1981 | 968000002708 | 03/03/2026 | 03/12/2013 | Libro | Ej.2 |